| Tag |
First Indicator |
Second Indicator |
Subfields |
| LEADER |
00000pam a2200000 a 4500 |
| 001 |
in00000080393 |
| 005 |
20151008060944.0 |
| 008 |
810623s1981 ctu b 00010 eng |
| 010 |
|
|
|a 80028439
|
| 020 |
|
|
|a 0300027052
|
| 020 |
|
|
|a 0300027060 (pbk.)
|
| 035 |
|
|
|a (OCoLC)07586777
|
| 035 |
|
|
|9 AAJ6970AM
|
| 039 |
0 |
|
|a 2
|b 3
|c 3
|d 3
|e 3
|
| 040 |
|
|
|a DLC
|c DLC
|d TXA
|d UtOrBLW
|
| 049 |
|
|
|a TXAM
|c [1196702]
|
| 050 |
0 |
0 |
|a PR2358.A3
|b R6 1981
|
| 082 |
0 |
|
|a 821/.3
|2 19
|
| 100 |
1 |
|
|a Spenser, Edmund,
|d 1552?-1599.
|
| 240 |
1 |
0 |
|a Faerie queene
|
| 245 |
1 |
0 |
|a Edmund Spenser, The Faerie queene /
|c edited by Thomas P. Roche, Jr. with the assistance of C. Patrick O'Donnell, Jr.
|
| 264 |
|
1 |
|a New Haven :
|b Yale University Press,
|c 1981.
|
| 300 |
|
|
|a 1246 pages ;
|c 21 cm.
|
| 336 |
|
|
|a text
|b txt
|2 rdacontent
|
| 337 |
|
|
|a unmediated
|b n
|2 rdamedia
|
| 338 |
|
|
|a volume
|b nc
|2 rdacarrier
|
| 490 |
1 |
|
|a The English poets
|
| 504 |
|
|
|a Bibliography: pages 11-13.
|
| 700 |
1 |
|
|a Roche, Thomas P.
|
| 700 |
1 |
|
|a O'Donnell, C. Patrick.
|
| 740 |
4 |
|
|a The Faerie queene.
|
| 830 |
|
0 |
|a English poets.
|
| 999 |
|
|
|a MARS
|
| 999 |
f |
f |
|s 03866943-9cbc-32e0-b18d-a0ade80cd670
|i e850666d-dd91-3ad7-a553-9b3070d868f0
|t 0
|
| 952 |
f |
f |
|p normal
|a Texas A&M University
|b College Station
|c Sterling C. Evans Library
|d Evans: Library Stacks
|t 0
|e PR2358.A3 R6 1981
|h Library of Congress classification
|i unmediated -- volume
|m A14806183837
|
| 998 |
f |
f |
|a PR2358.A3 R6 1981
|t 0
|l Evans: Library Stacks
|